[Event "POL-chT U19 2nd League"]
[Site "Iwonicz"]
[Date "2016.07.31"]
[Round "4.37"]
[White "Czerniawski, Krzysztof"]
[Black "Pasieka, Marcin"]
[Result "1-0"]
[WhiteElo "1904"]
[BlackElo "1768"]
[PlyCount "61"]
[EventDate "2016.07.23"]
[EventType "team-swiss"]
[EventRounds "11"]
[EventCountry "POL"]
[SourceTitle "EXT 2019"]
[Source "ChessBase"]
[SourceDate "2018.10.10"]
[SourceVersion "1"]
[SourceVersionDate "2018.10.10"]
[SourceQuality "1"]
[WhiteTeam "Kozuchow Odrodzenie U19"]
[BlackTeam "Tarnowskie Gory Strzybniczanka U19"]
[WhiteTeamCountry "POL"]
[BlackTeamCountry "POL"]

1. Nf3 Nf6 2. g3 e6 3. Bg2 Be7 4. 0-0 d5 5. d4 0-0 6. c4 dxc4 7. Qa4 a6 8. Qxc4 b5 9. Qc2 Bb7 10. Bg5 Nbd7 11. Nbd2 Rc8 12. Bxf6 Nxf6 13. Nb3 Be4 14. Qc1 c6 15. Rd1 Qc7 16. Nc5 Bxc5 17. dxc5 Bxf3 18. Bxf3 Rcd8 19. Qc2 a5 20. a3 Nd5 21. Rd2 Rd7 22. Rad1 Rfd8 23. e3 a4 24. Rd4 Ne7 25. Qc3 Nf5 26. Rxd7 Rxd7 27. Rxd7 Qxd7 28. Qa5 Qc8 29. Bxc6 Ne7 30. Bb7 Qe8 31. c6 1-0

[Event "POL-chT U19 2nd League"]
[Site "Iwonicz"]
[Date "2015.08.01"]
[Round "6.38"]
[White "Czerniawski, Krzysztof"]
[Black "Drozdowski, Konrad"]
[Result "1/2-1/2"]
[WhiteElo "1846"]
[BlackElo "2059"]
[PlyCount "145"]
[EventDate "2015.07.25"]
[EventType "team-swiss"]
[EventRounds "11"]
[EventCountry "POL"]
[SourceTitle "EXT 2019"]
[Source "ChessBase"]
[SourceDate "2018.10.10"]
[SourceVersion "1"]
[SourceVersionDate "2018.10.10"]
[SourceQuality "1"]
[WhiteTeam "Kozuchow Odrodzenie U19"]
[BlackTeam "Grudziadz Rotmistrz U19"]
[WhiteTeamCountry "POL"]
[BlackTeamCountry "POL"]

1. c4 e5 2. Nc3 Nf6 3. g3 d5 4. cxd5 Nxd5 5. Bg2 Nb6 6. d3 Be7 7. Nf3 Nc6 8. 0-0 0-0 9. Be3 Be6 10. Rc1 f5 11. Nd2 f4 12. Bxb6 cxb6 13. Nf3 g5 14. Ne4 g4 15. Rxc6 bxc6 16. Nxe5 Rc8 17. gxf4 Rxf4 18. e3 Rf8 19. Nxg4 Kh8 20. h3 Rg8 21. Qd2 Qf8 22. Qc3+ Qg7 23. f4 Qxc3 24. bxc3 Bxg4 25. hxg4 Rxg4 26. Kh2 Rh4+ 27. Bh3 Rd8 28. Rd1 Rd5 29. Ng3 Ra5 30. Rd2 Ba3 31. Rc2 Bd6 32. Ne4 Rah5 33. Nf2 Bxf4+ 34. exf4 Rxf4 35. Kg3 Rf6 36. Bg4 Rg6 37. d4 Rd5 38. Kf4 Rf6+ 39. Ke3 h5 40. Ne4 Rg6 41. Bc8 Rd8 42. Bf5 Rh6 43. Kf4 Rg8 44. Ng5 Rg7 45. Re2 Rf6 46. Ke5 Rh6 47. Ne6 Rg3 48. c4 h4 49. d5 cxd5 50. cxd5 h3 51. Rh2 Re3+ 52. Kf4 Re1 53. Ng5 Rf1+ 54. Ke5 Re1+ 55. Ne4 Rf1 56. d6 Kg7 57. Bxh3 Rh5+ 58. Ke6 Rh6+ 59. Kd7 Rf7+ 60. Kc6 Kf8 61. Ng5 Rff6 62. Ne4 Rf7 63. Rf2 Rxh3 64. d7 Rd3 65. Rxf7+ Kxf7 66. Nd6+ Ke7 67. Nc8+ Kd8 68. Nxa7 Rxd7 69. Kxb6 Rd2 70. a4 Rb2+ 71. Nb5 Ra2 72. a5 Kc8 73. a6 1/2-1/2

[Event "POL-chT U19 2nd League"]
[Site "Iwonicz"]
[Date "2015.08.01"]
[Round "8.44"]
[White "Drozniak, Stanislaw"]
[Black "Czerniawski, Krzysztof"]
[Result "1/2-1/2"]
[WhiteElo "1899"]
[BlackElo "1846"]
[PlyCount "132"]
[EventDate "2015.07.25"]
[EventType "team-swiss"]
[EventRounds "11"]
[EventCountry "POL"]
[SourceTitle "EXT 2019"]
[Source "ChessBase"]
[SourceDate "2018.10.10"]
[SourceVersion "1"]
[SourceVersionDate "2018.10.10"]
[SourceQuality "1"]
[WhiteTeam "Jastrzebie Zdroj Pionier U19"]
[BlackTeam "Kozuchow Odrodzenie U19"]
[WhiteTeamCountry "POL"]
[BlackTeamCountry "POL"]

1. e4 c5 2. Nf3 d6 3. d4 cxd4 4. Nxd4 Nf6 5. Nc3 a6 6. Bg5 e6 7. f4 Be7 8. Qf3 0-0 9. 0-0-0 Qc7 10. g4 b5 11. Bxf6 Bxf6 12. g5 Bxd4 13. Rxd4 Nc6 14. Rd2 Bb7 15. Bh3 Rac8 16. Re1 b4 17. Ne2 Qa5 18. Qb3 Qc5 19. Qd3 Rfd8 20. Nd4 Nxd4 21. Qxd4 Qa5 22. Kb1 d5 23. Red1 Qc7 24. e5 g6 25. Bf1 a5 26. h4 Qc5 27. h5 Kf8 28. hxg6 hxg6 29. Qxc5+ Rxc5 30. Rh2 Kg7 31. Bd3 Rh8 32. Rxh8 Kxh8 33. Be2 Kg7 34. Rd4 Rc8 35. Kc1 Rh8 36. c3 bxc3 37. bxc3 Rh1+ 38. Kd2 Bc6 39. a4 Kf8 40. Bb5 Bxb5 41. axb5 Rb1 42. c4 dxc4 43. Rxc4 Rxb5 44. Rc7 a4 45. Ra7 Rb4 46. Ke3 Rb3+ 47. Ke4 a3 48. Kd4 Ke8 49. Ke4 Kd8 50. Kd4 Kc8 51. Kc4 Rf3 52. Kc5 Rxf4 53. Rxa3 Kb7 54. Kd6 Rf5 55. Rc3 Kb6 56. Rc6+ Kb5 57. Rc5+ Kb4 58. Rc7 Kb5 59. Rc5+ Kb6 60. Rc6+ Kb7 61. Rc7+ Kb8 62. Re7 Kc8 63. Re8+ Kb7 64. Re7+ Kb6 65. Rd7 Kb5 66. Rc7 Kb6 1/2-1/2

[Event "POL-chT U19 2nd League"]
[Site "Iwonicz"]
[Date "2015.08.01"]
[Round "2.20"]
[White "Romanski, Dawid"]
[Black "Czerniawski, Krzysztof"]
[Result "0-1"]
[WhiteElo "1712"]
[BlackElo "1846"]
[PlyCount "138"]
[EventDate "2015.07.25"]
[EventType "team-swiss"]
[EventRounds "11"]
[EventCountry "POL"]
[SourceTitle "EXT 2019"]
[Source "ChessBase"]
[SourceDate "2018.10.10"]
[SourceVersion "1"]
[SourceVersionDate "2018.10.10"]
[SourceQuality "1"]
[WhiteTeam "Gniezno LKS Chrobry U19"]
[BlackTeam "Kozuchow Odrodzenie U19"]
[WhiteTeamCountry "POL"]
[BlackTeamCountry "POL"]

1. e4 c5 2. Nc3 Nc6 3. f4 g6 4. Nf3 Bg7 5. Bb5 e6 6. Bxc6 dxc6 7. d3 Ne7 8. 0-0 0-0 9. Qe1 b6 10. b3 Qc7 11. Rb1 a5 12. Ne2 a4 13. Bb2 axb3 14. axb3 h6 15. Bxg7 Kxg7 16. Ne5 f6 17. Ng4 Bd7 18. Ne3 e5 19. Qc3 Be6 20. g4 g5 21. f5 Bf7 22. Ng3 Nc8 23. h3 Nd6 24. Ne2 Nb5 25. Qd2 Nd4 26. Nxd4 cxd4 27. Ng2 Ra2 28. h4 Qe7 29. Qc1 Qc5 30. Rf2 Qc3 31. hxg5 hxg5 32. Ne1 Rfa8 33. Nf3 Ra1 34. Rf1 Rxb1 35. Qxb1 c5 36. Kg2 b5 37. Kg3 c4 38. bxc4 bxc4 39. Rh1 Rh8 40. Rxh8 Kxh8 41. Qb8+ Kg7 42. Qb1 cxd3 43. cxd3 Bb3 44. Ne1 Qd2 45. Qxb3 Qxe1+ 46. Kg2 Qe2+ 47. Kg3 Qe3+ 48. Kg2 Qd2+ 49. Kg3 Qf4+ 50. Kh3 Qf3+ 51. Kh2 Qf2+ 52. Kh3 Qh4+ 53. Kg2 Qxg4+ 54. Kf2 Qf4+ 55. Kg1 Qe3+ 56. Kg2 Qe2+ 57. Kg1 Qh5 58. Qb7+ Qf7 59. Qb1 Kh6 60. Qb6 Kh5 61. Qb1 Kh6 62. Qb6 g4 63. Kg2 Qg7 64. Qb1 Qg5 65. Qc2 Qf4 66. Kg1 Kg5 67. Qe2 Qe3+ 68. Qf2 Qxf2+ 69. Kxf2 Kf4 0-1

[Event "POL-ch U16"]
[Site "Karpacz"]
[Date "2015.03.20"]
[Round "7"]
[White "Wisniewski, Michal"]
[Black "Czerniawski, Krzysztof"]
[Result "1/2-1/2"]
[WhiteElo "2096"]
[BlackElo "1680"]
[PlyCount "59"]
[EventDate "2015.03.15"]
[EventType "swiss"]
[EventRounds "9"]
[EventCountry "POL"]
[SourceTitle "EXT 2017"]
[Source "ChessBase"]
[SourceDate "2016.10.25"]
[SourceVersion "1"]
[SourceVersionDate "2016.10.25"]
[SourceQuality "1"]

1. e4 c5 2. Nf3 d6 3. d4 cxd4 4. Qxd4 Nc6 5. Bb5 Bd7 6. Qd3 Nf6 7. c4 g6 8. Nc3 Bg7 9. 0-0 0-0 10. h3 Rc8 11. Be3 a6 12. Bxc6 Bxc6 13. Rac1 Qa5 14. Nd4 Nd7 15. Qb1 Qh5 16. Nce2 Bxd4 17. Nxd4 Qe5 18. Nxc6 Rxc6 19. Rfe1 Rfc8 20. b3 Qa5 21. a4 b5 22. cxb5 axb5 23. Rxc6 Rxc6 24. Rc1 Rxc1+ 25. Qxc1 Ne5 26. Bd2 Qb6 27. Qc8+ Kg7 28. a5 Qc5 29. Qxc5 dxc5 30. Bc3 1/2-1/2

[Event "POL-ch U16"]
[Site "Karpacz"]
[Date "2015.03.19"]
[Round "6"]
[White "Czerniawski, Krzysztof"]
[Black "Klepek, Witold"]
[Result "1-0"]
[WhiteElo "1680"]
[BlackElo "1931"]
[PlyCount "97"]
[EventDate "2015.03.15"]
[EventType "swiss"]
[EventRounds "9"]
[EventCountry "POL"]
[SourceTitle "EXT 2017"]
[Source "ChessBase"]
[SourceDate "2016.10.25"]
[SourceVersion "1"]
[SourceVersionDate "2016.10.25"]
[SourceQuality "1"]

1. e4 c5 2. Nf3 Nc6 3. c4 g6 4. Nc3 Bg7 5. Be2 e6 6. d3 Nge7 7. Be3 b6 8. d4 cxd4 9. Nxd4 0-0 10. Qd2 f5 11. Nxc6 dxc6 12. f3 Qc7 13. 0-0-0 f4 14. Bf2 c5 15. g3 Nc6 16. Nb5 Qe5 17. gxf4 Qxf4 18. Be3 Qf7 19. f4 Nd4 20. Nd6 Qc7 21. e5 Bb7 22. Bg4 h5 23. Bh3 Bxh1 24. Bxd4 Bf3 25. Bxe6+ Kh7 26. Rf1 cxd4 27. Rxf3 Bxe5 28. Nb5 Qd8 29. f5 g5 30. Kb1 a6 31. Na3 Bf6 32. Rh3 Qe8 33. Nc2 Rd8 34. Nb4 g4 35. Rd3 Qe7 36. Nd5 Qg7 37. Nxb6 Bg5 38. Qe2 Be3 39. Nd5 Rxd5 40. cxd5 Qe5 41. Qg2 Rb8 42. Qc2 Rb7 43. f6 Qe4 44. f7 Kg7 45. f8Q+ Kxf8 46. Qc8+ Kg7 47. Qxb7+ Kf6 48. Kc2 Qg2+ 49. Kb3 1-0

[Event "POL-chT U19 2nd League"]
[Site "Szczyrk"]
[Date "2014.07.31"]
[Round "9.92"]
[White "Czerniawski, Krzysztof"]
[Black "Witczak, Jakub"]
[Result "1/2-1/2"]
[WhiteElo "1761"]
[BlackElo "1828"]
[PlyCount "82"]
[EventDate "2014.07.25"]
[EventType "team-swiss"]
[EventRounds "11"]
[EventCountry "POL"]
[SourceTitle "EXT 2015"]
[Source "ChessBase"]
[SourceDate "2014.11.20"]
[SourceVersion "1"]
[SourceVersionDate "2014.11.20"]
[SourceQuality "1"]
[WhiteTeam "Kozuchow Odrodzenie U19"]
[BlackTeam "Gorzow Wielkopolski Stilon U19 II"]
[WhiteTeamCountry "POL"]
[BlackTeamCountry "POL"]

1. e4 e5 2. Nc3 Nf6 3. g3 Bc5 4. Bg2 0-0 5. Nge2 c6 6. 0-0 d5 7. exd5 cxd5 8. d4 exd4 9. Na4 Be7 10. Nxd4 Nc6 11. Nb3 Bf5 12. Nac5 Qb6 13. Be3 d4 14. Nxd4 Bxc2 15. Qxc2 Bxc5 16. Nf5 Bxe3 17. Nxe3 Nd4 18. Qa4 Rfd8 19. Rad1 Ne2+ 20. Kh1 Rxd1 21. Qxd1 Qxb2 22. Qb1 Qxb1 23. Rxb1 Rb8 24. Rxb7 Rxb7 25. Bxb7 Kf8 26. Kg2 Ke7 27. Nf5+ Kf8 28. Ba6 Nc3 29. Bc4 Nfe4 30. f3 Nd2 31. Bb3 Nxb3 32. axb3 Nb5 33. f4 g6 34. Ne3 Ke7 35. Nc2 Kd6 36. Kf3 Kd5 37. Ke3 f6 38. Kd3 h6 39. Nb4+ Kc5 40. Na6+ Kd5 41. Nb4+ Kc5 1/2-1/2

[Event "POL-chT U19 2nd League"]
[Site "Szczyrk"]
[Date "2014.07.26"]
[Round "2.116"]
[White "Osinski, Kamil"]
[Black "Czerniawski, Krzysztof"]
[Result "1/2-1/2"]
[WhiteElo "1815"]
[BlackElo "1761"]
[PlyCount "82"]
[EventDate "2014.07.25"]
[EventType "team-swiss"]
[EventRounds "11"]
[EventCountry "POL"]
[SourceTitle "EXT 2015"]
[Source "ChessBase"]
[SourceDate "2014.11.20"]
[SourceVersion "1"]
[SourceVersionDate "2014.11.20"]
[SourceQuality "1"]
[WhiteTeam "Belchatow LKS Stomil U19"]
[BlackTeam "Kozuchow Odrodzenie U19"]
[WhiteTeamCountry "POL"]
[BlackTeamCountry "POL"]

1. e4 c5 2. Nf3 d6 3. d4 cxd4 4. Nxd4 Nf6 5. Nc3 Nc6 6. Bc4 e6 7. 0-0 Be7 8. Be3 0-0 9. Qe2 a6 10. a4 Qc7 11. f4 Bd7 12. Rae1 Rac8 13. Bb3 Na5 14. f5 Nxb3 15. Nxb3 d5 16. exd5 Nxd5 17. Bd4 Bf6 18. Nxd5 Bxd4+ 19. Nxd4 exd5 20. f6 Rfe8 21. Qf2 g6 22. Qh4 Qc5 23. Kh1 Rxe1 24. Rxe1 Re8 25. Rxe8+ Bxe8 26. c3 Qd6 27. Nf5 Qe5 28. Ne7+ Kh8 29. a5 h5 30. Qf2 Kh7 31. h3 Bd7 32. b4 Be6 33. h4 Qxc3 34. Qf4 Qe1+ 35. Kh2 Qe4 36. Qxe4 dxe4 37. Kg3 Kh6 38. Kf4 Bf5 39. g3 Kh7 40. Ke3 Kh6 41. Kf4 Kh7 1/2-1/2

[Event "POL-chT U19 2nd League"]
[Site "Szczyrk"]
[Date "2014.07.25"]
[Round "1.50"]
[White "Czerniawski, Krzysztof"]
[Black "Szczuraszyk, Jaroslaw"]
[Result "1/2-1/2"]
[WhiteElo "1761"]
[BlackElo "1506"]
[PlyCount "118"]
[EventDate "2014.07.25"]
[EventType "team-swiss"]
[EventRounds "11"]
[EventCountry "POL"]
[SourceTitle "EXT 2015"]
[Source "ChessBase"]
[SourceDate "2014.11.20"]
[SourceVersion "1"]
[SourceVersionDate "2014.11.20"]
[SourceQuality "1"]
[WhiteTeam "Kozuchow Odrodzenie U19"]
[BlackTeam "Wroclaw MUKS MDK Srodmiescie U19 II"]
[WhiteTeamCountry "POL"]
[BlackTeamCountry "POL"]

1. d4 d5 2. Nf3 e6 3. g3 Nf6 4. Bg2 Bd6 5. 0-0 0-0 6. c4 c6 7. Nc3 Nbd7 8. Bg5 h6 9. Bxf6 Nxf6 10. Qc2 Re8 11. e4 dxe4 12. Nxe4 Nxe4 13. Qxe4 Bd7 14. Rad1 Qf6 15. Ne5 Rad8 16. f4 Bc7 17. Kh1 Bc8 18. b4 Qf5 19. Qe2 Qf6 20. a4 Qe7 21. Qb2 f6 22. Ng6 Qf7 23. Qc2 Bb6 24. c5 Bc7 25. Nh4 Re7 26. Be4 f5 27. Bg2 Qf6 28. Nf3 Bd7 29. Ne5 Be8 30. Bf3 Bf7 31. Qc4 Ree8 32. b5 cxb5 33. axb5 Qe7 34. Ra1 Bb8 35. Rfd1 g5 36. Nxf7 Qxf7 37. d5 e5 38. fxe5 Rxe5 39. Qd3 Kf8 40. Bg2 Kg7 41. Qd4 Qf6 42. Rf1 Rd7 43. Rac1 Kg6 44. c6 bxc6 45. bxc6 Rde7 46. Rb1 Bd6 47. Rb7 Qf7 48. Qxa7 Rc7 49. Rxc7 Bxc7 50. Qd4 Qe7 51. Qd3 g4 52. Qa6 Re1 53. Qd3 Rxf1+ 54. Bxf1 Qe5 55. Kg2 h5 56. h3 gxh3+ 57. Kxh3 h4 58. Be2 Qxg3+ 59. Qxg3+ hxg3 1/2-1/2

[Event "Rewal op-B 17th"]
[Site "Rewal"]
[Date "2012.08.??"]
[Round "9"]
[White "Czerniawski, Krzysztof"]
[Black "Kaluzny, Wlodzimierz"]
[Result "1-0"]
[WhiteElo "1569"]
[BlackElo "2011"]
[PlyCount "70"]
[EventDate "2012.08.20"]
[EventType "swiss"]
[EventRounds "9"]
[EventCountry "POL"]
[SourceTitle "EXT 2014"]
[Source "ChessBase"]
[SourceDate "2013.11.20"]
[SourceVersion "1"]
[SourceVersionDate "2013.11.20"]
[SourceQuality "1"]

1. e4 e6 2. d4 d5 3. exd5 exd5 4. Nf3 Nf6 5. c4 Be7 6. Bd3 0-0 7. 0-0 Nc6 8. Be3 Bg4 9. Nbd2 Nb4 10. Bb1 dxc4 11. a3 Nbd5 12. Nxc4 Nxe3 13. fxe3 Bh5 14. Qe2 c5 15. Re1 cxd4 16. exd4 Re8 17. Nce5 Bd6 18. Ba2 Qe7 19. Rac1 Nd7 20. Qb5 Nxe5 21. Nxe5 Qh4 22. Qd3 Rad8 23. Re4 Qe7 24. Nxf7 Bxf7 25. Rxe7 Rxe7 26. Bxf7+ Rxf7 27. Qc4 Kf8 28. Re1 g6 29. b4 a6 30. d5 Bb8 31. g3 Rf5 32. Qc5+ Bd6 33. Qb6 Rd7 34. Qe3 Rdf7 35. Qh6+ Kg8 1-0

[Event "Rewal op-B 17th"]
[Site "Rewal"]
[Date "2012.08.??"]
[Round "1"]
[White "Kuspak, Aleksander"]
[Black "Czerniawski, Krzysztof"]
[Result "1-0"]
[WhiteElo "1866"]
[BlackElo "1569"]
[PlyCount "123"]
[EventDate "2012.08.20"]
[EventType "swiss"]
[EventRounds "9"]
[EventCountry "POL"]
[SourceTitle "EXT 2014"]
[Source "ChessBase"]
[SourceDate "2013.11.20"]
[SourceVersion "1"]
[SourceVersionDate "2013.11.20"]
[SourceQuality "1"]

1. e4 c5 2. Nf3 d6 3. Bb5+ Bd7 4. Bxd7+ Nxd7 5. 0-0 g6 6. c3 Bg7 7. d4 cxd4 8. cxd4 e6 9. Nc3 Ne7 10. Bf4 Nf6 11. Nb5 0-0 12. Qe2 a6 13. Nc3 b5 14. a3 Qb6 15. h3 Rfd8 16. Rfd1 d5 17. e5 Nd7 18. Bg5 Bf8 19. Qd2 Rab8 20. Rdc1 Rdc8 21. Ne2 Nc6 22. b3 Na5 23. Qb2 Rc6 24. Bd2 Rbc8 25. Bb4 Bh6 26. Bd2 Bf8 27. Ne1 Rxc1 28. Rxc1 Rxc1 29. Bxc1 Qc6 30. Nd3 Be7 31. Bd2 Bd8 32. Nb4 Qc8 33. Nc1 Kf8 34. Ncd3 Bb6 35. Kf1 Ke7 36. Ke2 Nb8 37. Nc5 Nac6 38. Nxc6+ Nxc6 39. b4 a5 40. bxa5 Nxd4+ 41. Qxd4 Bxc5 42. Bb4 Bxb4 43. Qxb4+ Kd8 44. Qf8+ Kc7 45. Qxf7+ Kb8 46. Qxh7 Qc2+ 47. Kf3 Qe4+ 48. Kg3 Qxe5+ 49. f4 Qe1+ 50. Kh2 Qxa5 51. Qg8+ Kb7 52. Qxe6 Qd8 53. Qxg6 d4 54. Qd3 Kb6 55. g4 Kc5 56. g5 Qd6 57. Kg3 Qe6 58. g6 Qe1+ 59. Kg2 Qe7 60. Qf5+ Kb6 61. Qe5 Qd8 62. g7 1-0

[Event "POL-chT U19 2nd League"]
[Site "Borowice"]
[Date "2012.07.26"]
[Round "8"]
[White "Czerniawski, Krzysztof"]
[Black "Smieszek, Wojciech"]
[Result "0-1"]
[WhiteElo "1569"]
[BlackElo "1809"]
[PlyCount "72"]
[EventDate "2012.07.21"]
[EventType "team-swiss"]
[EventRounds "11"]
[EventCountry "POL"]
[SourceTitle "EXT 2014"]
[Source "ChessBase"]
[SourceDate "2013.11.20"]
[SourceVersion "1"]
[SourceVersionDate "2013.11.20"]
[SourceQuality "1"]
[WhiteTeam "Kozuchow Odrodzenie U19"]
[BlackTeam "Szczecin Gryf U19"]
[WhiteTeamCountry "POL"]
[BlackTeamCountry "POL"]

1. e4 c5 2. Nf3 Nc6 3. d4 cxd4 4. Nxd4 g6 5. Nc3 Bg7 6. Be3 Nf6 7. Bc4 0-0 8. Bb3 d6 9. h3 Bd7 10. 0-0 Rc8 11. Re1 Ne5 12. Qd2 Nc4 13. Bxc4 Rxc4 14. Rad1 Qc7 15. Qd3 Rc8 16. Rd2 Qa5 17. Nb3 Qa6 18. Bd4 b5 19. Nd5 Nxd5 20. exd5 Bf5 21. Qf3 Bf8 22. c3 Qxa2 23. Nc1 Qa5 24. g4 Bd7 25. Ne2 b4 26. Kh2 bxc3 27. bxc3 Bg7 28. Be3 e6 29. Ng3 Bxc3 30. Rd3 Bxe1 31. Nh5 Bc3 32. Bg5 Be5+ 33. Kg2 gxh5 34. gxh5 Rd4 35. Rxd4 Bxd4 36. Qg4 f5 0-1

[Event "POL-chT U19 2nd League"]
[Site "Borowice"]
[Date "2012.07.24"]
[Round "5"]
[White "Czerniawski, Krzysztof"]
[Black "Lisiecki, Robert"]
[Result "1-0"]
[WhiteElo "1569"]
[BlackElo "1443"]
[PlyCount "85"]
[EventDate "2012.07.21"]
[EventType "team-swiss"]
[EventRounds "11"]
[EventCountry "POL"]
[SourceTitle "EXT 2014"]
[Source "ChessBase"]
[SourceDate "2013.11.20"]
[SourceVersion "1"]
[SourceVersionDate "2013.11.20"]
[SourceQuality "1"]
[WhiteTeam "Kozuchow Odrodzenie U19"]
[BlackTeam "Poznan UMKS Na Pieterku U19"]
[WhiteTeamCountry "POL"]
[BlackTeamCountry "POL"]

1. d4 Nf6 2. c4 e5 3. dxe5 Ng4 4. Nf3 Nc6 5. Bf4 Bb4+ 6. Nbd2 Qe7 7. a3 Ngxe5 8. Nxe5 Nxe5 9. e3 Bxd2+ 10. Qxd2 d6 11. Be2 0-0 12. 0-0 Ng6 13. Bg3 Re8 14. Rac1 f5 15. Bf3 Ne5 16. Bd5+ Kh8 17. c5 dxc5 18. Qc3 c6 19. Ba2 b6 20. Rfd1 Bb7 21. Rd2 Ng6 22. Bb1 f4 23. Bxg6 fxe3 24. Re2 exf2+ 25. Bxf2 Qxe2 26. Re1 Qxe1+ 27. Bxe1 hxg6 28. Qh3+ Kg8 29. Bc3 Re7 30. Qg3 Rf7 31. Qxg6 Raf8 32. h4 Bc8 33. h5 Bf5 34. Qg3 Rd8 35. Qe5 Rd1+ 36. Kh2 Rdd7 37. h6 Bh7 38. Qe8+ Rf8 39. Qxd7 Rf7 40. Qe8+ Rf8 41. Qe6+ Rf7 42. hxg7 Bg6 43. Qe8+ 1-0

[Event "POL-chT U19 2nd League"]
[Site "Borowice"]
[Date "2012.07.23"]
[Round "3"]
[White "Czerniawski, Krzysztof"]
[Black "Kucza, Karol"]
[Result "0-1"]
[WhiteElo "1569"]
[BlackElo "1765"]
[PlyCount "109"]
[EventDate "2012.07.21"]
[EventType "team-swiss"]
[EventRounds "11"]
[EventCountry "POL"]
[SourceTitle "EXT 2014"]
[Source "ChessBase"]
[SourceDate "2013.11.20"]
[SourceVersion "1"]
[SourceVersionDate "2013.11.20"]
[SourceQuality "1"]
[WhiteTeam "Kozuchow Odrodzenie U19"]
[BlackTeam "Zary ZKSz U19"]
[WhiteTeamCountry "POL"]
[BlackTeamCountry "POL"]

1. e4 e5 2. Nf3 Nc6 3. Bc4 Bc5 4. c3 Nf6 5. d3 0-0 6. Bg5 d6 7. Nbd2 a6 8. Bb3 Qe7 9. h3 b5 10. 0-0 Ba7 11. Bc2 Nd8 12. d4 Ne6 13. Nb3 Nxg5 14. Nxg5 c5 15. dxc5 dxc5 16. c4 Rd8 17. Qe2 h6 18. Nf3 Nh5 19. Rfd1 Bd7 20. Rd5 Nf4 21. Qf1 Nxd5 22. exd5 Qd6 23. Nbd2 f5 24. Rd1 Rf8 25. Qe2 e4 26. Ne1 b4 27. f3 Bb8 28. Nf1 exf3 29. Nxf3 Bc7 30. Qf2 Rae8 31. Re1 Rxe1 32. Nxe1 Qf6 33. Nd3 Rc8 34. Nd2 Bd6 35. Bd1 Qe7 36. Bf3 a5 37. Nf1 Re8 38. Bh5 Rc8 39. h4 Qe4 40. Be2 Re8 41. Nc1 a4 42. Bd3 Qf4 43. Qxf4 Bxf4 44. Ne2 Be5 45. b3 axb3 46. axb3 Ra8 47. Nd2 Ra3 48. Bc2 Ra2 49. Nf3 Bf6 50. Bd3 Rb2 51. Nc1 g5 52. g3 g4 53. Nh2 Bd4+ 54. Kf1 Be3 55. Ne2 0-1

[Event "POL-chT U19 2nd League"]
[Site "Borowice"]
[Date "2012.07.23"]
[Round "4"]
[White "Korpalski, Maciej"]
[Black "Czerniawski, Krzysztof"]
[Result "0-1"]
[WhiteElo "1563"]
[BlackElo "1569"]
[PlyCount "146"]
[EventDate "2012.07.21"]
[EventType "team-swiss"]
[EventRounds "11"]
[EventCountry "POL"]
[SourceTitle "EXT 2014"]
[Source "ChessBase"]
[SourceDate "2013.11.20"]
[SourceVersion "1"]
[SourceVersionDate "2013.11.20"]
[SourceQuality "1"]
[WhiteTeam "Wroclaw MUKS MDK Srodmiescie U19 II"]
[BlackTeam "Kozuchow Odrodzenie U19"]
[WhiteTeamCountry "POL"]
[BlackTeamCountry "POL"]

1. e4 c5 2. Nf3 d6 3. d4 cxd4 4. Nxd4 Nf6 5. Nc3 Nc6 6. f3 e5 7. Nb3 Be6 8. Be3 d5 9. exd5 Nxd5 10. Nxd5 Bxd5 11. Qd2 Be6 12. 0-0-0 Qxd2+ 13. Rxd2 f6 14. Bb5 Kf7 15. Rhd1 Be7 16. Bxc6 bxc6 17. Nc5 Bxc5 18. Bxc5 Rhc8 19. b3 Rab8 20. Bxa7 Ra8 21. Bc5 Rxa2 22. c4 Ra6 23. Rd6 Ra5 24. Bb4 Ra2 25. R1d2 Ra6 26. Kb2 Rb8 27. Bc5 Bxc4 28. Rd7+ Kg6 29. b4 Bd5 30. Kc3 Ra3+ 31. Kb2 Raa8 32. Kc3 Rd8 33. Rxd8 Rxd8 34. Be3 Ra8 35. Bc5 h5 36. Kd3 f5 37. Ke3 Kf6 38. h4 Ra1 39. f4 Re1+ 40. Kf2 Re4 41. fxe5+ Kxe5 42. Bf8 Rf4+ 43. Ke3 Rg4 44. Re2 Bxg2 45. Kf2+ Be4 46. Rd2 f4 47. Rd7 Bd5 48. Bxg7+ Ke6 49. Ra7 Rxh4 50. Bf8 Rh2+ 51. Kg1 Rb2 52. Rh7 f3 53. Bc5 Rg2+ 54. Kf1 Bc4+ 55. Ke1 Re2+ 56. Kf1 Kf6 57. Kg1 Rg2+ 58. Kh1 f2 59. Bxf2 Rxf2 60. Rxh5 Bb5 61. Rh4 Ke5 62. Kg1 Rf4 63. Rxf4 Kxf4 64. Kf2 Ke4 65. Ke1 Kd3 66. Kd1 Kc3 67. Kc1 Kxb4 68. Kb2 c5 69. Kc2 c4 70. Kb2 c3+ 71. Kc2 Bd3+ 72. Kc1 Kb3 73. Kd1 Kb2 0-1